00266nam a2200109 a 4500008004100000050001500041100001800056245002100074260003200095300002000127350000900147120416s1964 ||||||||||||||||| || u aTA 551 Rip aRipa, Louis C10aSurveying manual aNew YorkbMcGraw-Hillc1964 axi, 130p. : ill a0.00